[Event "Year end 2008 MT"]
[Site "SchemingMind.com"]
[Date "2009.01.03"]
[Round "-"]
[White "Aumonde"]
[Black "Apocalypse"]
[Result "0-1"]
[WhiteCountry "USA"]
[BlackCountry "USA"]
[WhiteElo "2090"]
[WhiteRD "72"]
[BlackElo "2564"]
[BlackRD "68"]
[GameID "185516"]

1. d4 Nf6 2. c4 g6 3. Nc3 d6 4. e4 Bg7 5. h3 O-O 6. Bg5 Nbd7 7. Nf3 h6 8. Be3 e5 9. d5 Nc5 10. Nd2 a5
11. a3 Bd7 12. b4 Ncxe4 13. Ndxe4 Nxe4 14. Nxe4 f5 15. Nc3 Qe7 16. bxa5 f4 17. Bc1 e4 18. Qc2 Bf5 19. Kd1 Rae8 20. Bb2 e3
21. Qe2 c6 22. a6 Qc7 23. Kc1 bxa6 24. dxc6 Qa5 25. c5 exf2 26. Qc4+ Kh7 27. Qb4 Re1+ 28. Kd2 Qd8 29. cxd6 Qe8 30. Qxf4 Rxa1
31. Qxf2 Bxc3+ 32. Kxc3 Rxf1
0-1

[Event "Year end 2008 MT"]
[Site "SchemingMind.com"]
[Date "2009.01.03"]
[Round "-"]
[White "joopsim"]
[Black "Apocalypse"]
[Result "0-1"]
[WhiteCountry "NED"]
[BlackCountry "USA"]
[WhiteElo "2318"]
[WhiteRD "80"]
[BlackElo "2580"]
[BlackRD "68"]
[GameID "185517"]

1. d4 Nf6 2. c4 g6 3. Nc3 Bg7 4. e4 d6 5. f3 O-O 6. Nge2 c5 7. Be3 Nc6 8. d5 Ne5 9. Ng3 e6 10. Be2 exd5
11. cxd5 h5 12. O-O Nh7 13. Qd2 h4 14. Nh1 g5 15. Nf2 Kh8 16. Kh1 Bd7 17. f4 gxf4 18. Bxf4 Qe7 19. a4 a6 20. a5 Rae8
21. Ra3 Ng6 22. Be3 f5 23. Bh5 Rf6 24. Qc1 Ref8 25. Rb3 Be8 26. exf5 Ne5 27. Be2 Rxf5 28. Nce4 Bb5 29. Bxb5 axb5 30. Nxc5 dxc5
31. Bxc5 Qf7 32. Bxf8 Nxf8 33. Kg1 Qxd5 34. Rh3 Nfg6 35. Rd1 Qe6 36. Qe3 Rf8 37. Kh1 Qf6 38. Ne4 Qf5 39. Re1 Qg4 40. Nf2 Qb4
41. Rg1 Qxa5 42. Nd3 b4 43. b3 Kh7 44. Qe4 Nxd3 45. Qxd3 Qf5 46. Qd1 Qe4 47. Re1 Qc6 48. Rf1 Rxf1+ 49. Qxf1 Be5 50. Qd1 Qe4
51. Qf1 Kh6 52. Qd1 Bc3 53. Qc1+ Nf4 54. Rf3 Kg5 55. Qf1 Be5 56. Qg1 Qd5 57. Qf1 Bd6 58. Qg1 h3 59. gxh3+ Kh6 60. Qf1 Bc5
61. h4 Be3 62. h3 Kh5
0-1

[Event "Year end 2008 MT"]
[Site "SchemingMind.com"]
[Date "2009.01.03"]
[Round "-"]
[White "Peacemaker"]
[Black "Apocalypse"]
[Result "1/2-1/2"]
[WhiteCountry "GER"]
[BlackCountry "USA"]
[WhiteElo "2462"]
[WhiteRD "73"]
[BlackElo "2616"]
[BlackRD "72"]
[GameID "185518"]

1. d4 Nf6 2. c4 g6 3. Nc3 d5 4. cxd5 Nxd5 5. e4 Nxc3 6. bxc3 Bg7 7. Nf3 c5 8. Rb1 O-O 9. Be2 b6 10. O-O Bd7
11. Bf4 Bg4 12. Be3 cxd4 13. cxd4 Nc6 14. d5 Bxf3 15. Bxf3 Ne5 16. Be2 Rc8 17. Rb4 Rc3 18. Bd2 Rc7 19. Ra4 Qb8 20. Bg5 h6
21. Be3 Rfc8 22. Ba6 Rd8 23. Qe2 Rc3 24. Bd4 Rc7 25. Rd1 Nd7 26. Bb5 Nc5 27. Rb4 Bxd4 28. Rbxd4 e5 29. dxe6 Nxe6 30. Rxd8+ Nxd8
31. Qd2 Ne6 32. Qxh6 Rc5 33. Be2 Qe5 34. Bg4 Nf8 35. Rd8 Qe7 36. Rb8 Qd6 37. Ra8 Rc4 38. h3 Rb4 39. g3 Rxe4 40. Qc1 Ra4
41. Qc2 Ra3 42. Qe2 Kg7 43. Qb2+ Kg8 44. h4 a5 45. Qe2 Qd5 46. Qe8 Qc5 47. Rc8 Rxg3+ 48. Kf1 Rxg4 49. Rxc5 bxc5 50. Qb5 a4
51. h5 gxh5 52. Qxc5 Rh4 53. Qf5 Ng6 54. a3 Kg7 55. Ke1 f6 56. Kd2 Rf4 57. Qxh5 Rxf2+=
1/2-1/2